Score 0/27 Timer 06:00
0 Plays Today
hint answer % Correct
What is the color of the hat that Mary throws in the air in the intro of the show?Blue, black and green
84.1%
Which First Lady made a cameo appearance?Betty Ford
83.3%
Call letters of the television stationWJM
81%
Henry Winkler appeared on the show as whose date?Rhoda's
78.9%
What does Mr. Grant say he hates at Mary's job interview?spunk
77.6%
_____ Van Dyke appeared twice on the showJerry
77.6%
The name of Sue Ann's showThe Happy Homemaker
76.8%
Phyllis' daughter's nameBess
74.9%
Which character adopts a son from Vietnam?Murray and Marie
69.7%
Rhoda's mother's nameIda
67.2%
The name of the weathermanGordy Howard
66.3%
Lou's wife's nameEdie
63.8%
Chuckles the Clown was dressed as ____ ______ when he was killedPeter Peanut
62.1%
Mary ends up in jail for refusing to ______ ___ ______reveal her source
59.4%
hint answer % Correct
Ted's career began in a 5000 watt radio station in ______ , CaliforniaFresno
56.1%
When Johnny Carson arrived at Mary's party, everyone was in the ____dark
54.8%
Actor who performed Ted and Georgette's wedding ceremony in tennis shortsJohn Ritter
53.1%
This actress played Murray's teenaged daughter then later starred in a sitcom with a dog named MurrayHelen Hunt
48.3%
Congresswoman Geddes attends one of Mary's dinner parties with ____ Prince Orloffveal
46.7%
The name of Mary's auntFlo Meredith
43.9%
What is the name of Ted and Georgette's baby girl?Mary-Lou
43.1%
What is distinct about Ted's adopted son?He's a genius
38.7%
Name the future sitcom star and movie director who played one of Mary's neighbors in the high rise apartmentPenny Marshall
33.9%
Mary, Rhoda and Phyllis live at ___ North Weatherly119
27%
The name of Mary's pesky former high-school classmateHoward Arnell
19.5%
The name of Mary's boyfriend that she met in his journalism classDan Whitfield
15.3%
What is there a picture of on the mini easel in Mary's apartment?a lion
12.3%
Remove Ads.
Support Sporcle.
Get the best of Sporcle when you Go Orange. This ad-free experience offers more features, more stats, and more fun while also helping to support Sporcle. Thank you for becoming a member.

You're not logged in!

Compare scores with friends on all Sporcle quizzes.
OR
Log In

Show Comments

Extras

Top Quizzes Today


Score Distribution

Your Account Isn't Verified!

In order to create a playlist on Sporcle, you need to verify the email address you used during registration. Go to your Sporcle Settings to finish the process.

Report this User

Report this user for behavior that violates our Community Guidelines.

Details: